| 000 | 00934nam a2200277Ia 4500 | ||
|---|---|---|---|
| 005 | 20220317001723.0 | ||
| 008 | 170328s2014 mx g 000 0 spa | ||
| 020 | _a9789681651497 | ||
| 041 | _aspa | ||
| 082 | 0 | 4 |
_a907.2 _bC67v |
| 100 | 1 | _aCorcuera de Mancera, Sonia | |
| 245 | 1 | 0 |
_aVoces y silencios en la historia _bsiglos XIX y XX _cSonia Corcuera de Mancera |
| 250 | _aPrimera edición | ||
| 264 | 1 |
_aMéxico _bFondo de Cultura Económica _c2014 |
|
| 300 |
_a414 páginas _c21 cm. |
||
| 336 |
_atexto _btxt _2rdacontent |
||
| 337 |
_asin mediación _bn _2rdamedia |
||
| 338 |
_avolumen _bnc _2rdacarrier |
||
| 490 | _aSección de obras de historia | ||
| 500 | _aIncluye índice onomástico | ||
| 500 | _aIncluye datos biográficos de la autora en solapa | ||
| 650 | 1 | 4 |
_2LEMB _aHistoriadores _ySiglos XVIII-XX |
| 650 | 1 | 4 |
_2LEMB _aHistoriografía _ySiglos XVIII-XX |
| 942 |
_2ddc _cBK |
||
| 040 |
_aCO-BoRNBP _bspa _erda _cCO-BoRNBP |
||
| 999 |
_c7857 _d7857 |
||